Statistics for Countries With the Most Fighter Jets

Click here to take the quiz!

General Stats

  • This quiz has been taken 121 times
  • The average score is 16 of 20

Answer Stats

Number of Fighter JetsGlobal Fire Power Nation Index PlacementAnswer% Correct
7732Russia
99%
19141USA
99%
11993China
98%
1195UK
97%
13425Germany
93%
2269France
92%
5774India
87%
4026South Korea
86%
2178Japan
82%
45834North Korea
81%
19617Iran
79%
3637Pakistan
76%
14021Spain
74%
20511Turkey
74%
24118Israel
70%
28322Saudi Arabia
68%
24514Egypt
67%
19330Greece
55%
28523Taiwan
53%
20864Syria
36%

Score Distribution

Percentile by Number Answered

Percent of People with Each Score

Your Score History

You have not taken this quiz